| 000 | 01658nam a22002657a 4500 | ||
|---|---|---|---|
| 005 | 20240117092102.0 | ||
| 008 | 130419s1936 sp ||||fr|||| 000|fdspa|d | ||
| 040 |
_aCo-BoUCM _bspa _cSandra Yazo _dSandra Yazo |
||
| 041 | 0 | _aspa | |
| 082 | 0 | 4 |
_a863 _220 |
| 092 | _aE52N049 | ||
| 100 | 1 |
_aPérez Triana, Santiago _d1858-1916 _936310 |
|
| 245 | 1 | 0 |
_aReminiscencias Tudescas. _cPor Santiago Pérez Triana |
| 260 |
_aBogotá (Colombia) _bEditorial Minerva S. A. _c1936 |
||
| 300 |
_a165, [1] páginas _c18 x 14 cm. |
||
| 490 | 0 |
_aBiblioteca Aldeana de Colombia _v16 |
|
| 500 | _aDetalles físicos: Sin encuadernación original. Actualmente: Encuadernación rígida (holandesa) en cartón forrado en papel jaspeado en tono azul. Lomo de tela, con letras y líneas decorativas en dorado. Cortes decorados (jaspeado azul). Guardas. Hoja de cortesía. Portada impresa en una sola tinta. Grabado con el emblema de la Colección. Texto impreso en una sola columna, con diferentes tipos y tamaños de letra. Notas de pie de página. Papel oxidado en bordes de las hojas. En la encuadernación (lomo) se indica una numeración (16). Colección Aldeana de Colombia es una selección de Samper Ortega de Literatura Colombiana. | ||
| 505 | 0 | _aSantiago Pérez Triana / Luis Eduardo Nieto Caballero ; Reminiscencias Tudescas: Irma ; Otto ; Karl ; Hans ; Herrmann ; De Profesores ; El Patent-Club. | |
| 506 | _aConsulta en sala | ||
| 650 | 7 |
_aCuentos colombianos _912261 _ySiglo XIX - XX |
|
| 650 | 7 |
_aRelatos de viajes _923490 |
|
| 650 | 7 |
_aDescripciones y viajes _97508 |
|
| 690 |
_aLiteratura colombiana _918629 |
||
| 942 |
_cLIBRO _e2 _a2 _2LOCAL _hE52N049 |
||
| 999 |
_c323349 _d323349 |
||